• 首页
  • 本馆介绍
  • 公告通知
  • 最新文献
  • 馆藏检索
  • 电子资源
  • 读者导购
  • 参考咨询
  • 我的图书馆
  • 登录
  • 详细信息显示
  • 放入我的书架
  • 预约/预借图书
  • 作者相关作品
  • 分类相关作品
  • 丛书相关作品
  • 出版社相关作品

书目信息

  • 表格格式
  • 工作单格式
  • 卡片格式
题名:
法律人,你为什么不争气?
    
 
作者: 陈长文 , 罗智强 著
分册:  
出版信息: 北京   法律出版社  2007
页数: 230页
开本: 23cm
丛书名:
单 册:
中图分类: D90-053
科图分类:
主题词: 法律--伦理学--研究 , 法律 , 伦理学
电子资源:
ISBN: 978-7-5036-7031-2
000 00963nam0 2200265 450
001 1251212968
005 20121005141408.40
010    @a978-7-5036-7031-2@dCNY28.00
100    @a20070226d2007 em y0chiy50 ea
101 0  @achi
102    @aCN@b110000
105    @ay z 000yy
200 1  @a法律人,你为什么不争气?@Afa lv ren ,ni wei shen me bu zheng qi?@e法律伦理与理想的重建@f陈长文,罗智强著
210    @a北京@c法律出版社@d2007
215    @a230页@d23cm
330    @a本书内容包括:“法律政治人——人的光明,法的黑暗”;“再论律师——朦胧选项里的清楚选择”;“检察官——正义守卫或贪腐共犯”;“再论检察官——人与制度的双面期待”等。
517 1  @a法律伦理与理想的重建@Afa lv lun li yu li xiang de chong jian
606 0  @a法律@x伦理学@x研究
606 0  @a法律
606 0  @a伦理学
690    @aD90-053@v4
701  0 @a陈长文@Achen chang wen@4著
701  0 @a罗智强@Aluo zhi qiang@4著
801  0 @aCN@bNLC@c20101222
905    @a10447@dD90-053@eJY50
    
    法律人,你为什么不争气?:法律伦理与理想的重建/陈长文,罗智强著.-北京:法律出版社,2007
    230页;23cm
    
    
    ISBN 978-7-5036-7031-2:CNY28.00
    本书内容包括:“法律政治人——人的光明,法的黑暗”;“再论律师——朦胧选项里的清楚选择”;“检察官——正义守卫或贪腐共犯”;“再论检察官——人与制度的双面期待”等。
●
相关链接 在E读中查询图书 在五车中查询图书 在当当中查询图书 在豆瓣中查询图书


正题名:法律人,你为什么不争气?     索取号:D90-053/JY50         预约/预借

序号 登录号 条形码 馆藏地/架位号 状态 备注
唐山师范学院图书馆 欢迎您!
大连网信软件有限公司© 版权所有